Origen y desarrollo de las ciencias agronómicas en el país /
Guardado en:
| Autor Principal: | |
|---|---|
| Formato: | Manuscrito |
| Idioma: | Spanish |
| Publicado: |
2005.
|
| Series: | Publicación ;
30 |
| Materias: | |
| Etiquetas: |
Agregar Etiqueta
Sin Etiquetas, Sea el primero en etiquetar este registro!
|
| LEADER | 00762ntm a22002055a 4500 | ||
|---|---|---|---|
| 001 | EUN.eunm002428 | ||
| 005 | 20090414103603.0 | ||
| 008 | 090414s2005####ag#a#####b####000#0#spa#d | ||
| 082 | 0 | 4 | |a 630.7 |2 21 |
| 100 | 1 | |a Luque, Jorge Alfredo. | |
| 245 | 1 | 0 | |a Origen y desarrollo de las ciencias agronómicas en el país / |c Jorge Alfredo Luque. |
| 260 | |c 2005. | ||
| 300 | |a 18 h. : |b il. ; |c 26 cm. | ||
| 490 | 0 | |a Publicación ; |v 30 | |
| 500 | |a "Universidad Nacional del Sur. Departamento de Agronomía. Academia Nacional de Agronomía y Veterinaria". | ||
| 504 | |a Incluye referencias bibliográficas. | ||
| 650 | 7 | |a Agronomía. |2 unbist | |
| 650 | 7 | |a Ciencias agrícolas. |2 unbist | |
| 651 | 7 | |a Argentina |2 unbist | |
| 859 | |a AR-BaUNS |b BIB. CENTRAL - Sector A |h 630.7 |i L974 |p 120562/009 | ||
